[Event "Titled Tuesday intern op 30th Apr Early"]
[Site "Chess.com INT"]
[Date "2024.04.30"]
[Round "2"]
[White "Gokerkan, Cem Kaan"]
[Black "Goldin, Alexander"]
[Result "1-0"]
[WhiteElo "2512"]
[BlackElo "2542"]
[PlyCount "111"]
[EventDate "2024.04.30"]
[EventType "swiss (blitz)"]
[EventRounds "11"]
[EventCountry "USA"]
[SourceTitle "CB19_2024"]
[SourceDate "2024.05.08"]
[SourceVersion "1"]
[SourceVersionDate "2024.05.08"]
[SourceQuality "1"]

1. e4 e5 2. Nf3 Nc6 3. Bc4 Be7 4. d4 d6 5. dxe5 dxe5 6. Qxd8+ Bxd8 7. Nc3 f6 8. a3 Bg4 9. Be3 Nge7 10. 0-0-0 Ng6 11. h3 Bxf3 12. gxf3 a6 13. h4 Be7 14. h5 Nf4 15. Nd5 Nxd5 16. Bxd5 0-0-0 17. Rdg1 Bf8 18. f4 exf4 19. Bxf4 Ne5 20. Be3 c6 21. Be6+ Kc7 22. f4 Nd7 23. Kb1 h6 24. Rg2 Re8 25. Bf5 Re7 26. b4 Rf7 27. Rhg1 b5 28. Kb2 Nb6 29. Kb3 Nc4 30. Bd4 a5 31. a4 axb4 32. axb5 Na5+ 33. Ka4 c5 34. Kxa5 cxd4 35. b6+ Kb8 36. Kb5 Rb7 37. Rd1 Bd6 38. Kc6 Bxf4 39. Rxd4 Be5 40. Rxb4 Rd8 41. c4 Rd6+ 42. Kc5 Rd3 43. Kb5 Bd4 44. c5 Be3 45. Rc2 Ra3 46. Kc4 Ra5 47. Rb5 Ra4+ 48. Kd3 Bg1 49. Rc1 Ra3+ 50. Ke2 Be3 51. Rd1 Re7 52. c6 Bxb6 53. Rxb6+ Kc7 54. Rb7+ Kxc6 55. Rxe7 Ra2+ 56. Rd2 1-0

[Event "Titled Tuesday intern op 02nd Apr Late"]
[Site "Chess.com INT"]
[Date "2024.04.02"]
[Round "2"]
[White "Bernotas, Arturs"]
[Black "Gokerkan, Cem Kaan"]
[Result "0-1"]
[WhiteElo "2366"]
[BlackElo "2512"]
[PlyCount "68"]
[EventDate "2024.04.02"]
[EventType "swiss (blitz)"]
[EventRounds "11"]
[EventCountry "USA"]
[SourceTitle "CB15_2024"]
[SourceDate "2024.04.10"]
[SourceVersion "1"]
[SourceVersionDate "2024.04.10"]
[SourceQuality "1"]

1. e4 c5 2. Nf3 d6 3. Bb5+ Nd7 4. d4 cxd4 5. Qxd4 a6 6. Bxd7+ Bxd7 7. Nc3 e5 8. Qd3 Rc8 9. 0-0 h6 10. Rd1 Nf6 11. Nd2 Be7 12. Nc4 Rc6 13. a4 0-0 14. Ne3 Be6 15. Bd2 Qc7 16. Be1 Qd7 17. f3 Rfc8 18. Rac1 Rc5 19. Bf2 R5c7 20. Kh1 Bf8 21. Rd2 Be7 22. Bh4 Rc5 23. Bf2 R5c6 24. Ned5 Bxd5 25. exd5 Rc4 26. Be3 b5 27. axb5 axb5 28. Ne2 e4 29. fxe4 Nxe4 30. Rdd1 Bg5 31. Bxg5 Nf2+ 32. Kg1 Nxd3 33. cxd3 Rxc1 34. Bxc1 Qg4 0-1

[Event "Reykjavik op"]
[Site "Reykjavik"]
[Date "2024.03.18"]
[Round "5"]
[White "Gokerkan, Cem Kaan"]
[Black "Heimisson, Hilmir Freyr"]
[Result "0-1"]
[WhiteElo "2523"]
[BlackElo "2355"]
[PlyCount "50"]
[EventDate "2024.03.15"]
[EventType "swiss"]
[EventRounds "9"]
[EventCountry "ISL"]
[SourceTitle "CB13_2024"]
[SourceDate "2024.03.27"]
[SourceVersion "1"]
[SourceVersionDate "2024.03.27"]
[SourceQuality "1"]

1. e4 e5 2. Nf3 Nc6 3. Bb5 Nf6 4. d3 Bc5 5. Nbd2 0-0 6. Bxc6 bxc6 7. Nxe5 Re8 8. Ng4 Nxg4 9. Qxg4 d5 10. Qh5 dxe4 11. Qxc5 exd3+ 12. Kd1 dxc2+ 13. Kxc2 Qf6 14. a4 Rb8 15. Ra3 Qg6+ 16. Kc3 Qxg2 17. Rd1 Bg4 18. f3 Qe2 19. Rg1 Re5 20. Qxa7 Re3+ 21. Kd4 Rd8+ 22. Kc5 Rxa3 23. Qxc7 Qe3+ 24. Kb4 Rd4+ 25. Nc4 Qb3+ 0-1

[Event "Reykjavik op"]
[Site "Reykjavik"]
[Date "2024.03.16"]
[Round "3"]
[White "Gokerkan, Cem Kaan"]
[Black "Mohamed, Anees M"]
[Result "1/2-1/2"]
[WhiteElo "2523"]
[BlackElo "2271"]
[PlyCount "236"]
[EventDate "2024.03.15"]
[EventType "swiss"]
[EventRounds "9"]
[EventCountry "ISL"]
[SourceTitle "CB13_2024"]
[SourceDate "2024.03.27"]
[SourceVersion "1"]
[SourceVersionDate "2024.03.27"]
[SourceQuality "1"]

1. Nf3 d5 2. g3 Bf5 3. Bg2 e6 4. 0-0 Nf6 5. c4 c6 6. Qb3 Qb6 7. d3 h6 8. cxd5 exd5 9. Qc2 Qc5 10. Qc3 Nbd7 11. Be3 Qxc3 12. bxc3 Bd6 13. a4 0-0 14. a5 a6 15. Nd4 Bh7 16. Bh3 Ne5 17. Nb3 Rfe8 18. Ra2 Re7 19. Bc5 Ne8 20. N1d2 g5 21. Rb1 g4 22. Bf1 Nd7 23. Be3 h5 24. c4 Nef6 25. Bg5 Kg7 26. cxd5 cxd5 27. Nd4 Nc5 28. Rc2 Ne6 29. Be3 Rd8 30. N2b3 Rdd7 31. Nxe6+ fxe6 32. Bb6 e5 33. Nc5 Bxc5 34. Bxc5 Re6 35. Rcb2 Rc6 36. Ba7 e4 37. Rxb7 exd3 38. exd3 Bf5 39. Bd4 Kf7 40. R7b6 Rdc7 41. Rxc6 Rxc6 42. Rb6 Rxb6 43. Bxb6 Ne8 44. d4 Bc8 45. Bc5 Nf6 46. Bd6 Ne4 47. Bf4 Nc3 48. Kg2 Nb5 49. Be5 Na3 50. Bd3 Nc4 51. Bc7 Kf6 52. f3 Nd2 53. fxg4 hxg4 54. Bd8+ Kf7 55. Be2 Ne4 56. Bb6 Kf6 57. Bd3 Kf7 58. Kf1 Nd2+ 59. Ke2 Nc4 60. Bc7 Ke7 61. Bb6 Kd6 62. Bc5+ Kc6 63. Bb4 Kb5 64. Be1 Ka4 65. Bg6 Bd7 66. Bf7 Nxa5 67. Bxd5 Nc6 68. Ke3 Nb4 69. Be4 a5 70. d5 Kb3 71. d6 Kc4 72. Kf4 a4 73. Bf5 a3 74. Bxd7 Nd5+ 75. Kg5 a2 76. Bb5+ Kxb5 77. d7 a1Q 78. d8Q Qg7+ 79. Kf5 Kc4 80. Qc8+ Kb3 81. Qe6 Qd4 82. Kg5 Kc2 83. Bf2 Qg7+ 84. Kh4 Nf6 85. Qe2+ Kc3 86. Qe3+ Kc2 87. Qe2+ Kc3 88. Be3 Qg6 89. Qd2+ Kb3 90. Qd1+ Kc4 91. Qd4+ Kb3 92. Qd1+ Kc4 93. Qd4+ Kb3 94. Qe5 Kc4 95. Qg5 Qf7 96. Qf5 Qg7 97. Qg5 Qf7 98. Qh6 Kd3 99. Bg5 Ne4 100. Qa6+ Kd4 101. Qa1+ Nc3 102. Qg1+ Kc4 103. Qe3 Qh7+ 104. Bh6 Nd5 105. Qe6 Kc5 106. Kxg4 Qd3 107. Bf8+ Kd4 108. Bg7+ Kc5 109. Qc8+ Kd6 110. Bf8+ Ke5 111. Bg7+ Kd6 112. Qf8+ Ke6 113. Qg8+ Ke7 114. Bf8+ Kf6 115. Bg7+ Ke7 116. Qf8+ Ke6 117. Qc8+ Kf7 118. Qf8+ Ke6 1/2-1/2

[Event "Titled Tuesday intern op 27th Feb Late"]
[Site "Chess.com INT"]
[Date "2024.02.27"]
[Round "7"]
[White "Gokerkan, Cem Kaan"]
[Black "Rasulov, Vugar Ural Oglu"]
[Result "1-0"]
[WhiteElo "2523"]
[BlackElo "2538"]
[PlyCount "107"]
[EventDate "2024.02.27"]
[EventType "swiss (blitz)"]
[EventRounds "11"]
[EventCountry "USA"]
[SourceTitle "CB10_2024"]
[SourceDate "2024.03.06"]
[SourceVersion "1"]
[SourceVersionDate "2024.03.06"]
[SourceQuality "1"]

1. e4 e5 2. Nf3 Qe7 3. Nc3 c6 4. d4 d6 5. a4 h6 6. a5 Nf6 7. Bc4 Qc7 8. h3 Be7 9. 0-0 Nbd7 10. Re1 g5 11. d5 Nf8 12. Bb3 cxd5 13. Nxd5 Nxd5 14. exd5 Ng6 15. Ba4+ Kf8 16. b4 g4 17. hxg4 Bxg4 18. Qd3 Rc8 19. a6 b6 20. Bc6 Bf6 21. Qe4 Bd7 22. b5 Kg7 23. c4 h5 24. Ra3 Rcg8 25. Nh2 Bc8 26. Rf3 Qe7 27. Kh1 Kf8 28. Ba3 Nh4 29. Rxf6 Qxf6 30. Qxe5 Qxe5 31. Rxe5 Nf5 32. Nf3 Kg7 33. Re4 h4 34. Bb2+ f6 35. Kh2 Kf7 36. Rf4 Rg6 37. Nd4 Ne7 38. Nf3 Nf5 39. Nd4 Nh6 40. Ne6 Ng4+ 41. Kg1 h3 42. g3 h2+ 43. Kh1 Bxe6 44. dxe6+ Ke7 45. Bd4 Ne5 46. Bd5 Ng4 47. Bf3 Ne5 48. Be4 Rg5 49. Bd5 Rhg8 50. Rh4 R8g7 51. Rxh2 Ng4 52. Rh8 Rf5 53. Kg2 Ne5 54. Ra8 1-0

[Event "Titled Tuesday intern op 27th Feb Late"]
[Site "Chess.com INT"]
[Date "2024.02.27"]
[Round "6"]
[White "Mkrtchyan, Mikayel"]
[Black "Gokerkan, Cem Kaan"]
[Result "0-1"]
[WhiteElo "2071"]
[BlackElo "2523"]
[PlyCount "62"]
[EventDate "2024.02.27"]
[EventType "swiss (blitz)"]
[EventRounds "11"]
[EventCountry "USA"]
[SourceTitle "CB10_2024"]
[SourceDate "2024.03.06"]
[SourceVersion "1"]
[SourceVersionDate "2024.03.06"]
[SourceQuality "1"]

1. e4 e5 2. Nf3 Nf6 3. Nxe5 d5 4. d4 Nxe4 5. Bd3 Nd7 6. 0-0 Nxe5 7. dxe5 Nc5 8. Re1 Be7 9. Nc3 Nxd3 10. Qxd3 c6 11. Ne2 0-0 12. Nd4 Re8 13. Bf4 Bc5 14. Nf5 Qb6 15. Bg3 Qxb2 16. Nd6 Re7 17. Ne4 Bb6 18. Bh4 dxe4 19. Qg3 Qxe5 20. Bxe7 Qxe7 21. Rad1 Bf5 22. Qf4 Bg6 23. h4 h5 24. Qg5 Qxg5 25. hxg5 Rd8 26. Rxd8+ Bxd8 27. Rd1 Bxg5 28. Rd7 e3 29. fxe3 Bxe3+ 30. Kh2 b5 31. Rc7 Bf4+ 0-1

[Event "Titled Tuesday intern op 09th Jan Early"]
[Site "Chess.com INT"]
[Date "2024.01.09"]
[Round "4"]
[White "Gokerkan, Cem Kaan"]
[Black "Mazurkiewicz, Michal"]
[Result "0-1"]
[WhiteElo "2523"]
[BlackElo "2145"]
[PlyCount "68"]
[EventDate "2024.01.09"]
[EventType "swiss (blitz)"]
[EventRounds "11"]
[EventCountry "USA"]
[SourceTitle "CB03_2024"]
[SourceDate "2024.01.17"]
[SourceVersion "1"]
[SourceVersionDate "2024.01.17"]
[SourceQuality "1"]

1. e4 d6 2. d4 Nf6 3. Nc3 c6 4. f4 Qb6 5. Nf3 Bg4 6. Be2 e6 7. 0-0 d5 8. e5 Nfd7 9. h3 Bxf3 10. Bxf3 c5 11. Ne2 Nc6 12. c3 g6 13. Kh1 Rc8 14. c4 dxc4 15. d5 Nd4 16. dxe6 fxe6 17. Nc3 Be7 18. Qa4 Qb4 19. Qd1 0-0 20. Bg4 Rcd8 21. Rf2 Qb6 22. Be3 Nf5 23. Qf3 Bh4 24. Bxf5 Bxf2 25. Bxe6+ Qxe6 26. Bxf2 Nxe5 27. Qe3 Qf5 28. Bg1 Qxf4 29. Qxc5 Nd3 30. Qb5 Nf2+ 31. Bxf2 Qxf2 32. Qxb7 Rd2 33. Rg1 Qf7 34. Ne4 Qxb7 0-1

[Event "Wch Blitz"]
[Site "Samarkand"]
[Date "2023.12.30"]
[Round "19"]
[White "Chigaev, Maksim"]
[Black "Gokerkan, Cem Kaan"]
[Result "1-0"]
[WhiteElo "2621"]
[BlackElo "2523"]
[PlyCount "69"]
[EventDate "2023.12.29"]
[EventType "swiss (blitz)"]
[EventRounds "21"]
[EventCountry "UZB"]
[SourceTitle "CB01_2024"]
[SourceDate "2024.01.03"]
[SourceVersion "1"]
[SourceVersionDate "2024.01.03"]
[SourceQuality "1"]

1. d4 Nf6 2. c4 g6 3. Nc3 Bg7 4. e4 d6 5. Nf3 0-0 6. Be2 e5 7. 0-0 exd4 8. Nxd4 Re8 9. f3 Nc6 10. Nc2 Nh5 11. Nd5 Be6 12. Rf2 a6 13. a4 a5 14. Ra3 Nb8 15. f4 Nf6 16. Nxf6+ Bxf6 17. f5 Bd7 18. Raf3 g5 19. h4 gxh4 20. Rf4 Nc6 21. Ne3 Kh8 22. Nd5 Be5 23. Bh5 Rf8 24. Rg4 Ne7 25. Nf4 Rg8 26. Bxf7 Rxg4 27. Qxg4 Qf8 28. Be6 Bc6 29. Qxh4 Bd4 30. b3 Bxe4 31. Kh2 Qf6 32. Qxf6+ Bxf6 33. g4 Bd4 34. Kh3 Bxf2 35. Bb2+ 1-0

[Event "Wch Blitz"]
[Site "Samarkand"]
[Date "2023.12.30"]
[Round "13"]
[White "Dardha, Daniel"]
[Black "Gokerkan, Cem Kaan"]
[Result "1-0"]
[WhiteElo "2598"]
[BlackElo "2523"]
[PlyCount "105"]
[EventDate "2023.12.29"]
[EventType "swiss (blitz)"]
[EventRounds "21"]
[EventCountry "UZB"]
[SourceTitle "CB01_2024"]
[SourceDate "2024.01.03"]
[SourceVersion "1"]
[SourceVersionDate "2024.01.03"]
[SourceQuality "1"]

1. Nf3 Nf6 2. c4 g6 3. g3 Bg7 4. Bg2 c6 5. 0-0 0-0 6. d4 d5 7. Qb3 a5 8. Rd1 a4 9. Qb4 dxc4 10. Qxc4 Be6 11. Qb4 b5 12. Qe1 Bf5 13. a3 Nbd7 14. Nc3 Nb6 15. Ne5 Rc8 16. Nxc6 Qe8 17. Ne5 Nc4 18. e4 Bd7 19. Nxc4 Rxc4 20. e5 Ng4 21. h3 Nh6 22. g4 Kh8 23. Be3 f5 24. g5 Nf7 25. f4 Nxg5 26. fxg5 f4 27. Bf2 f3 28. Bf1 Qc8 29. Bxc4 bxc4 30. Kh2 Bxh3 31. Qe4 Bf5 32. Qh4 Bd3 33. Ne4 Qb8 34. Rd2 Rf5 35. Ng3 Rf8 36. Rc1 Kg8 37. Qg4 Kh8 38. Rh1 Qb6 39. Qh4 Kg8 40. Kg1 Qa5 41. Be3 f2+ 42. Kg2 Qa8+ 43. Kh2 f1N+ 44. Nxf1 Rf3 45. Qg4 Bf5 46. Qg2 Rh3+ 47. Kg1 Rxh1+ 48. Qxh1 Be4 49. Qh3 Qa5 50. Qe6+ Kf8 51. Rf2+ Bf5 52. Qc8+ Kf7 53. e6# 1-0

[Event "Wch Blitz"]
[Site "Samarkand"]
[Date "2023.12.29"]
[Round "5"]
[White "Asadli, Vugar Afgan Oglu"]
[Black "Gokerkan, Cem Kaan"]
[Result "0-1"]
[WhiteElo "2562"]
[BlackElo "2523"]
[PlyCount "76"]
[EventDate "2023.12.29"]
[EventType "swiss (blitz)"]
[EventRounds "21"]
[EventCountry "UZB"]
[SourceTitle "CB01_2024"]
[SourceDate "2024.01.03"]
[SourceVersion "1"]
[SourceVersionDate "2024.01.03"]
[SourceQuality "1"]

1. e4 c5 2. Nc3 d6 3. f4 g6 4. Nf3 Bg7 5. Bb5+ Bd7 6. Bc4 Nc6 7. d3 e6 8. f5 gxf5 9. exf5 d5 10. Bb5 Qa5 11. 0-0 0-0-0 12. Bxc6 bxc6 13. Ng5 Nh6 14. f6 Bf8 15. Qh5 Be8 16. Bf4 Qb4 17. a3 Qd4+ 18. Kh1 Qxf6 19. Rae1 Qg6 20. Qe2 Rg8 21. d4 c4 22. b3 Bd6 23. Bxd6 Rxd6 24. Nf3 Nf5 25. bxc4 dxc4 26. Ne4 Rd5 27. c3 f6 28. Rb1 Ne3 29. Ng3 Nxf1 30. Qxf1 Qc2 31. a4 c5 32. Re1 Qxc3 33. Ne4 Qd3 34. Qf2 Bh5 35. Nxc5 Bxf3 36. Nxd3 Bxg2+ 37. Qxg2 Rxg2 38. Kxg2 cxd3 0-1

[Event "Wch Rapid"]
[Site "Samarkand"]
[Date "2023.12.28"]
[Round "12"]
[White "Dreev, Alexey"]
[Black "Gokerkan, Cem Kaan"]
[Result "0-1"]
[WhiteElo "2606"]
[BlackElo "2523"]
[PlyCount "106"]
[EventDate "2023.12.26"]
[EventType "swiss (rapid)"]
[EventRounds "13"]
[EventCountry "UZB"]
[SourceTitle "CB01_2024"]
[SourceDate "2024.01.03"]
[SourceVersion "1"]
[SourceVersionDate "2024.01.03"]
[SourceQuality "1"]

1. d4 Nf6 2. c4 g6 3. Nc3 Bg7 4. e4 d6 5. f3 c5 6. d5 0-0 7. Nge2 e6 8. Ng3 Na6 9. Bg5 h6 10. Be3 Nc7 11. Be2 exd5 12. cxd5 b5 13. a3 Re8 14. Qd2 h5 15. 0-0 Rb8 16. b4 h4 17. Nh1 h3 18. g3 Nd7 19. Nf2 a5 20. bxa5 Ba6 21. Rac1 Ne5 22. f4 Nc4 23. Bxc4 bxc4 24. e5 dxe5 25. fxe5 Rxe5 26. Bh6 Bh8 27. Bf4 Rb3 28. Ng4 Rh5 29. Bxc7 Qxc7 30. Nf6+ Bxf6 31. Rxf6 Bc8 32. Rc6 Qd8 33. Ne4 Rf3 34. Rxc5 Bf5 35. R1xc4 Kh7 36. d6 Rxa3 37. Nf2 Qa8 38. Nd1 Rxg3+ 39. hxg3 h2+ 40. Qxh2 Rxh2 41. Kxh2 Qf3 42. Rd4 Be4 43. Rxe4 Qxe4 44. Nf2 Qd4 45. Rc2 Qxd6 46. Ne4 Qd3 47. Nf6+ Kg7 48. Rf2 Qb5 49. g4 Qxa5 50. Ne8+ Kf8 51. Nf6 Qe5+ 52. Kh3 Kg7 53. Nd7 Qd4 0-1

[Event "Wch Rapid"]
[Site "Samarkand"]
[Date "2023.12.28"]
[Round "10"]
[White "Gokerkan, Cem Kaan"]
[Black "Christiansen, Johan Sebastian"]
[Result "1-0"]
[WhiteElo "2523"]
[BlackElo "2618"]
[PlyCount "81"]
[EventDate "2023.12.26"]
[EventType "swiss (rapid)"]
[EventRounds "13"]
[EventCountry "UZB"]
[SourceTitle "CB01_2024"]
[SourceDate "2024.01.03"]
[SourceVersion "1"]
[SourceVersionDate "2024.01.03"]
[SourceQuality "1"]

1. e4 e5 2. Nc3 Nf6 3. g3 c6 4. d4 Bb4 5. dxe5 Nxe4 6. Qd4 Qa5 7. Nge2 f5 8. exf6 Nxf6 9. Qe3+ Kf7 10. Bd2 Re8 11. Qf4 d5 12. 0-0-0 Nbd7 13. a3 Bf8 14. Bg2 Qd8 15. g4 Kg8 16. g5 Nh5 17. Qh4 g6 18. Ng3 Ng7 19. Nxd5 cxd5 20. Bxd5+ Ne6 21. Bc3 Bg7 22. Rhe1 Qb6 23. Qc4 Ndf8 24. Bxg7 Kxg7 25. Qc3+ Kg8 26. Ne4 Re7 27. Bc4 Rg7 28. Nf6+ Kh8 29. Ne8 Qc5 30. Nxg7 Nxg7 31. Re8 Qxg5+ 32. Kb1 Qf5 33. Rdd8 Bd7 34. Rxa8 Bxe8 35. Rxe8 g5 36. Re7 Qg6 37. Rxb7 a6 38. Bd3 Qh6 39. Qe5 Kg8 40. Bc4+ Kh8 41. Rb8 1-0

[Event "Wch Rapid"]
[Site "Samarkand"]
[Date "2023.12.27"]
[Round "7"]
[White "Gokerkan, Cem Kaan"]
[Black "Aravindh, Chithambaram VR"]
[Result "1-0"]
[WhiteElo "2523"]
[BlackElo "2646"]
[PlyCount "77"]
[EventDate "2023.12.26"]
[EventType "swiss (rapid)"]
[EventRounds "13"]
[EventCountry "UZB"]
[SourceTitle "CB01_2024"]
[SourceDate "2024.01.03"]
[SourceVersion "1"]
[SourceVersionDate "2024.01.03"]
[SourceQuality "1"]

1. e4 e5 2. Nf3 Nc6 3. Bc4 Bc5 4. c3 Nf6 5. d4 exd4 6. b4 Bb6 7. e5 d5 8. exf6 dxc4 9. Qe2+ Be6 10. b5 Nb4 11. fxg7 Rg8 12. cxb4 Rxg7 13. a4 Rxg2 14. a5 d3 15. Qe5 Qd5 16. axb6 Qxf3 17. Rf1 cxb6 18. Nc3 Ke7 19. Be3 Rd8 20. Kd2 f6 21. Qf4 Qh5 22. Rxa7 Rd7 23. Bxb6 Rg4 24. Qe3 Kf7 25. Re1 Qf5 26. Bc5 Rf4 27. Rf1 Kg6 28. b6 Rg4 29. Ra8 Bf7 30. h3 Rg2 31. Rc8 Kh5 32. Rc7 Be6 33. Qe4 Qg5+ 34. Be3 Qg8 35. Qxb7 Rxc7 36. bxc7 Rg6 37. Qf3+ Kh4 38. Qf4+ Kh5 39. Rg1 1-0

[Event "Wch Rapid"]
[Site "Samarkand"]
[Date "2023.12.26"]
[Round "4"]
[White "Nepomniachtchi, Ian"]
[Black "Gokerkan, Cem Kaan"]
[Result "1-0"]
[WhiteElo "2771"]
[BlackElo "2523"]
[PlyCount "75"]
[EventDate "2023.12.26"]
[EventType "swiss (rapid)"]
[EventRounds "13"]
[EventCountry "UZB"]
[SourceTitle "CB01_2024"]
[SourceDate "2024.01.03"]
[SourceVersion "1"]
[SourceVersionDate "2024.01.03"]
[SourceQuality "1"]

1. e4 c5 2. Nf3 d6 3. d4 cxd4 4. Nxd4 Nf6 5. Nc3 e5 6. Bb5+ Nbd7 7. Nf5 a6 8. Bxd7+ Qxd7 9. Bg5 Nxe4 10. Nxg7+ Bxg7 11. Nxe4 0-0 12. Qd5 Qf5 13. f3 Be6 14. Qxd6 Rfc8 15. Qd2 Qg6 16. h4 h5 17. 0-0 f6 18. Be3 Bf5 19. Qd5+ Kh7 20. Rf2 Rd8 21. Qxb7 Rab8 22. Qxa6 Bxe4 23. fxe4 Qxe4 24. Qe2 Rxb2 25. Qxh5+ Kg8 26. Rf3 Rxc2 27. Rg3 Rxg2+ 28. Rxg2 Qxe3+ 29. Kh2 Qf4+ 30. Kh1 f5 31. Rag1 Qe4 32. Qh6 Rd7 33. Kh2 Qb7 34. Qe6+ Kh8 35. Qxf5 e4 36. Qh5+ Kg8 37. Qe8+ Kh7 38. Qxd7 1-0

[Event "Wch Rapid"]
[Site "Samarkand"]
[Date "2023.12.26"]
[Round "3"]
[White "Yonal, Timur"]
[Black "Gokerkan, Cem Kaan"]
[Result "0-1"]
[WhiteElo "2003"]
[BlackElo "2523"]
[PlyCount "90"]
[EventDate "2023.12.26"]
[EventType "swiss (rapid)"]
[EventRounds "13"]
[EventCountry "UZB"]
[SourceTitle "CB01_2024"]
[SourceDate "2024.01.03"]
[SourceVersion "1"]
[SourceVersionDate "2024.01.03"]
[SourceQuality "1"]

1. e4 c5 2. Nf3 d6 3. Bb5+ Nd7 4. c3 Ngf6 5. Qe2 a6 6. Ba4 e6 7. 0-0 Be7 8. d4 b5 9. Bc2 Bb7 10. Bf4 0-0 11. Re1 Rc8 12. h3 Qb6 13. Bd3 Rfd8 14. Nbd2 Nf8 15. Rad1 Ng6 16. Bh2 Qa7 17. Bb1 Qa8 18. Nb3 Qa7 19. Kh1 Qb6 20. Ng1 a5 21. f4 a4 22. Nc1 cxd4 23. cxd4 Bf8 24. Nf3 d5 25. e5 Ne4 26. Ng5 Nxg5 27. fxg5 b4 28. Qf2 Ba6 29. h4 Ne7 30. Nd3 Nc6 31. Nf4 g6 32. h5 Ne7 33. hxg6 hxg6 34. g4 b3 35. a3 Bg7 36. Kg2 Rc4 37. Rh1 Rdc8 38. Qh4 Rc2+ 39. Bxc2 bxc2 40. Rc1 Qxd4 41. Rhe1 Qxb2 42. Bg3 d4 43. Rh1 Bb7+ 44. Kf2 Bxh1 45. Qxh1 Qxa3 0-1

[Event "Ankara Is Bank Cup Kirmizi"]
[Site "Ankara"]
[Date "2023.11.23"]
[Round "1"]
[White "Gokerkan, Cem Kaan"]
[Black "Can, Emre"]
[Result "1/2-1/2"]
[WhiteElo "2523"]
[BlackElo "2566"]
[PlyCount "60"]
[EventDate "2023.11.23"]
[EventType "tourn"]
[EventRounds "5"]
[EventCountry "TUR"]
[EventCategory "8"]
[SourceTitle "CB48_2023"]
[SourceDate "2023.11.29"]
[SourceVersion "1"]
[SourceVersionDate "2023.11.29"]
[SourceQuality "1"]

1. e4 d6 2. d4 Nf6 3. Nc3 e5 4. Nf3 Nbd7 5. Rg1 g6 6. Be3 Bg7 7. g4 exd4 8. Nxd4 0-0 9. g5 Ne8 10. Qd2 c5 11. Nf3 Qe7 12. 0-0-0 Nb6 13. e5 dxe5 14. Ne4 Bf5 15. Bxc5 Qc7 16. Bxf8 Bxe4 17. Bxg7 Bxf3 18. Bh6 Bxd1 19. Qxd1 Rd8 20. Qf3 Nd5 21. Bb5 Nf4 22. Bxe8 Rxe8 23. Kb1 b5 24. a3 a5 25. Re1 Rc8 26. Qe4 b4 27. a4 Qc5 28. Re3 Qc7 29. Re1 Qc5 30. Re3 Qc7 1/2-1/2

[Event "EU-Cup 38th"]
[Site "Durres"]
[Date "2023.10.05"]
[Round "5.4"]
[White "Gokerkan, Cem Kaan"]
[Black "Luque Saiz, Andres"]
[Result "1-0"]
[WhiteElo "2515"]
[BlackElo "2339"]
[PlyCount "105"]
[EventDate "2023.10.01"]
[EventType "team-swiss"]
[EventRounds "7"]
[EventCountry "ALB"]
[SourceTitle "EXT 2024"]
[Source "ChessBase"]
[SourceDate "2023.10.10"]
[SourceVersion "1"]
[SourceVersionDate "2023.10.10"]
[SourceQuality "1"]
[WhiteTeam "Gokturk"]
[BlackTeam "Silla"]
[WhiteTeamCountry "TUR"]
[BlackTeamCountry "ESP"]

1. e4 d6 2. d4 Nf6 3. Nc3 e5 4. Nf3 Nbd7 5. g3 Be7 6. Bg2 0-0 7. 0-0 c6 8. a4 Re8 9. Re1 Qc7 10. h3 Nf8 11. Be3 b6 12. Qd3 Bb7 13. Qc4 h6 14. Nh4 Ne6 15. Nf5 Bf8 16. Qd3 Rad8 17. d5 cxd5 18. exd5 Nc5 19. Qd1 Na6 20. Nb5 Qd7 21. g4 Bc8 22. Ng3 Qb7 23. c4 Bd7 24. Nc3 Qc7 25. Bf1 Nc5 26. b4 Nb7 27. Nb5 Qb8 28. Qf3 Nh7 29. Bd3 Ng5 30. Qg2 Nh7 31. Nc3 Rc8 32. Rab1 Qc7 33. Nb5 Qb8 34. h4 Be7 35. g5 hxg5 36. hxg5 g6 37. Ne4 Kg7 38. f4 Bf5 39. Nbc3 Qc7 40. Qg3 Bf8 41. Rb2 Be7 42. Rh2 Rh8 43. fxe5 dxe5 44. Nb5 Qb8 45. d6 Bxe4 46. Qxe5+ Kg8 47. Bxe4 Nxd6 48. Bd4 Bf6 49. gxf6 Nxe4 50. Qxb8 Rxb8 51. Rxe4 Ng5 52. Rxh8+ Kxh8 53. Rg4 1-0